September Four/Three - Newest - Statistics

General Stats
  • This quiz has been taken 2 times
  • The average score is 14 of 25
Answers on the Map
Answers color-coded by a green-red scale on the quiz's map according to % correct below.
 
Answer Stats
Answer % Correct
Australia
100%
Brazil
100%
Canada
100%
France
100%
Germany
100%
India
100%
Russia
100%
United States
100%
Albania
50%
Bosnia and Herzegovina
50%
Dominica
50%
Eswatini
50%
Finland
50%
Georgia
50%
Ireland
50%
Japan
50%
Norway
50%
Republic of the Congo
50%
Slovakia
50%
Antigua and Barbuda
0%
Bahamas
0%
Myanmar
0%
Saint Vincent and the Grenadines
0%
Thailand
0%
Vietnam
0%
No matching quizzes found
Score Distribution
Percent of People with Each Score
Percentile by Number Answered
Your Score History
You have not taken this quiz